000 00507nam a22001817a 4500
003 OSt
005 20240628121146.0
008 240628b |||||||| |||| 00| 0 eng d
020 _a024100263x
040 _cMUST
082 _a332 GUI 1994
245 _aGuide to economic indicators :
_bmaking sense of economics /
260 _aLondon
_bPenguin
_c1994
300 _aviii,216p.:
_bill.;
_c22 cm.
504 _aIncludes bibliographical references and index
650 _aEconomics
_9975
942 _2ddc
_cO_SHELF
999 _c9020
_d9020